000
00339pab a2200145 454500
008
180718b1983 xxu||||| |||| 00| 0 eng d
100
_a
Simha,S.L.N.
245
_a
Time now for a bold action to improve banking
260
_c
1983
300
_a
8-10,25
362
_a
16 July
650
_a
Banks - India
773
_a
Yojana
909
_a
4358
999
_c
4358
_d
4358